Couleurs des camemberts du Trivial Pursuit - Statistiques

Statistiques générales
  • Ce quiz a été pris 102 fois
  • Le résultat moyen est 6 sur 6
Statistiques - réponses
Hint Réponse % Correct
2 Bleu
99%
4 Jaune
98%
1 Vert
98%
5 Orange
93%
3 Rose
91%
6 Marron
74%
Aucun quiz correspondant
Distribution des résultats
% des personnes avec chaque résultat
Percentile par nombre de réponses
Votre historique - résultats
Vous n’avez pas pris ce quiz